Nomen rosae – Monok István köszöntése
Elmentve itt :
| Szerző: | |
|---|---|
| Dokumentumtípus: | Könyv része |
| Megjelent: |
2016
|
| Sorozat: | MONOKgraphia
|
| Kulcsszavak: | Monok István, Köszöntő - ünnepi |
| Online Access: | http://acta.bibl.u-szeged.hu/36663 |
| LEADER | 00591naa a2200181 i 4500 | ||
|---|---|---|---|
| 001 | acta36663 | ||
| 005 | 20260224081030.0 | ||
| 008 | 161118s2016 hu o 000 hun d | ||
| 020 | |a 978-963-09-8702-8 | ||
| 040 | |a SZTE Egyetemi Kiadványok Repozitórium |b hun | ||
| 041 | |a hun | ||
| 100 | 1 | |a Holl András | |
| 245 | 1 | 0 | |a Nomen rosae – Monok István köszöntése |h [elektronikus dokumentum] / |c Holl András |
| 260 | |c 2016 | ||
| 300 | |a 21 | ||
| 490 | 0 | |a MONOKgraphia | |
| 695 | |a Monok István, Köszöntő - ünnepi | ||
| 856 | 4 | 0 | |u http://acta.bibl.u-szeged.hu/36663/1/monok60_007.pdf |z Dokumentum-elérés |